Естествознание (Запись № 11783928)

Подробности
000 -МАРКЕР
контрольное поле 01766nam0a2200373 4500
001 - ИДЕНТИФИКАТОР ЗАПИСИ
контрольное поле RU\NLR\BIBL_A\011457291
005 - ИДЕНТИФИКАТОР ВЕРСИИ
контрольное поле 20260405103333.0
010 ## - МЕЖДУНАРОДНЫЙ СТАНДАРТНЫЙ НОМЕР КНИГИ (ISBN)
Номер (ISBN) 9785090368193
Тираж 6000
021 ## - НОМЕР ГОСУДАРСТВЕННОЙ РЕГИСТРАЦИИ
Код страны Российская Федерация
Номер 2017-54623
Номер Листа государственной регистраци 3889
035 ## - ДРУГИЕ СИСТЕМНЫЕ НОМЕРА
Идентификатор записи (RuMoRGB)008945178
035 ## - ДРУГИЕ СИСТЕМНЫЕ НОМЕРА
Идентификатор записи (NLR Aleph) 011457291
100 ## - ДАННЫЕ ОБЩЕЙ ОБРАБОТКИ
Данные общей обработки 20170817d2017 e y0rusy50 ca
101 0# - ЯЗЫК РЕСУРСА
Язык текста, звукозаписи и т.д. русский
102 ## - СТРАНА ПУБЛИКАЦИИ ИЛИ ПРОИЗВОДСТВА
Страна публикации Российская Федерация
105 ## - ПОЛЕ КОДИРОВАННЫХ ДАННЫХ: ТЕКСТОВЫЕ МАТЕРИАЛЫ, МОНОГРАФИЧЕСКИЕ
Кодированные данные о монографическом текстовом документе ac j 001zy
200 1# - ЗАГЛАВИЕ И СВЕДЕНИЯ ОБ ОТВЕТСТВЕННОСТИ
Основное заглавие Естествознание
Сведения, относящиеся к заглавию 10 класс
-- учебник для общеобразовательных организаций
-- базовый уровень
Первые сведения об ответственности [д-р пед. наук И.Ю. Алексашина, д-р биол. наук К.В. Галактионов, д-р хим. наук И.С. Дмитриев и др.]
Последующие сведения об ответственности под редакцией проф. И. Ю. Алексашиной
205 ## - СВЕДЕНИЯ ОБ ИЗДАНИИ
Сведения об издании 3-е изд., испр.
210 ## - ПУБЛИКАЦИЯ, РАСПРОСТРАНЕНИЕ И ДР.
Место издания, распространения и т.д. Москва
Имя издателя, распространителя и т. д. Просвещение
Дата издания, распространения и т.д. 2017
215 ## - ФИЗИЧЕСКАЯ ХАРАКТЕРИСТИКА
Специфическое обозначение материала и объем 271 с.
Другие сведения о физической характеристике ил., цв. ил., портр.
Размеры 26
225 1# - СЕРИЯ
Основное заглавие серии ФГОС
225 1# - СЕРИЯ
Основное заглавие серии Лабиринт
300 ## - ОБЩИЕ ПРИМЕЧАНИЯ
Текст примечания Авт. указаны на обороте тит. л.
320 ## - ПРИМЕЧАНИЯ О НАЛИЧИИ В ДОКУМЕНТЕ БИБЛИОГРАФИИ / УКАЗАТЕЛЯ
Текст примечания Предм. указ.: с. 266-269
606 1# - НАИМЕНОВАНИЕ ТЕМЫ КАК ПРЕДМЕТ
Наименование темы Естествознание
Формальный подзаголовок Учебники для средней школы
Системный номер авторитетной/нормативной записи 1049255
Идентификатор авторитетной/нормативной записи RU\NLR\AUTH\6687283
686 ## - ИНДЕКСЫ ДРУГИХ КЛАССИФИКАЦИЙ
Индекс Б.я721-1
Код системы
686 1# - ИНДЕКСЫ ДРУГИХ КЛАССИФИКАЦИЙ
Индекс Б.я721-1
701 #1 - ИМЯ ЛИЦА - АЛЬТЕРНАТИВНАЯ ОТВЕТСТВЕННОСТЬ
Начальный элемент ввода Алексашина
Часть имени, кроме начального элемента ввода И. Ю.
Расширение инициалов личного имени Ирина Юрьевна
701 #1 - ИМЯ ЛИЦА - АЛЬТЕРНАТИВНАЯ ОТВЕТСТВЕННОСТЬ
Начальный элемент ввода Галактионов
Часть имени, кроме начального элемента ввода К. В.
Расширение инициалов личного имени Кирилл Владимирович
701 #1 - ИМЯ ЛИЦА - АЛЬТЕРНАТИВНАЯ ОТВЕТСТВЕННОСТЬ
Материалы, к которым относится поле rus
Графика поля Кириллица
Начальный элемент ввода Дмитриев
Часть имени, кроме начального элемента ввода И. С.
Дополнения к именам, кроме дат д-р хим. наук, историк науки
Даты 1948-
Расширение инициалов личного имени Игорь Сергеевич
Идентификатор авторитетной/нормативной записи RU\NLR\AUTH\7738994
Системный номер авторитетной/нормативной записи 21978
942 ## - ДОПОЛНИТЕЛЬНЫЕ ЭЛЕМЕНТЫ ЗАПИСИ (АБИС)
Тип экземпляра АБИС Книга
980 ## - КОЛЛЕКЦИЯ
Название коллекции НБР

Нет доступных экземпляров.